| 000 | 00809pam a2200241 4500 | ||
|---|---|---|---|
| 001 | 779703 | ||
| 005 | 20250127154651.0 | ||
| 008 | 731011s1974 nyua b 001 0 eng | ||
| 020 | _a0393011046 | ||
| 050 | 0 | 0 |
_aBF441 _b.W35 1974 |
| 082 | 0 | 0 | _a158.2 |
| 100 | 1 |
_aWatzlawick, Paul, _d1921-2007. |
|
| 245 | 1 | 0 |
_aChange; principles of problem formation and problem resolution _c[by] Paul Wátzlawick, John H. Weakland [and] Richard Fisch. Foreword by Milton H. Erickson. |
| 250 | _a[1st ed.] | ||
| 260 |
_aNew York, _bNorton _c[1974] |
||
| 300 |
_axvii, 172 p. _billus. _c21 cm. |
||
| 650 | 0 | _aProblem solving. | |
| 650 | 0 | _aChange (Psychology) | |
| 650 | 0 | _aInterpersonal relations. | |
| 700 | 1 |
_aWeakland, John H., _ejoint author. |
|
| 700 | 1 |
_aFisch, Richard, _d1926- _ejoint author. |
|
| 942 |
_2lcc _cBK _n0 |
||
| 999 |
_c3102 _d3102 |
||